| 000 | 00489cam a2200193ua 4500 | ||
|---|---|---|---|
| 020 | _a0 408 10662 x | ||
| 041 |
_aeng _h |
||
| 082 |
_a631.8 _bATK/MI |
||
| 100 | _aAtkinson, D . | ||
| 245 |
_aMineral nutrition of fruit trees / _cD Atkinson. _hTextual Documents |
||
| 250 |
_a1 / _b. |
||
| 260 |
_aLondon : _bButterworth Scientific , _c1980. |
||
| 300 | _a435 ; . | ||
| 504 | _a | ||
| 700 | 1 | _aJackson, J E . | |
| 700 | 1 | _aSharpler, R O . | |
| 942 | _cBK | ||
| 999 |
_c9410 _d9410 |
||